| 000 | 01007nam a22003137a 4500 | ||
|---|---|---|---|
| 001 | BR9800952 | ||
| 003 | BR-BrBNA | ||
| 005 | 20230928095856.0 | ||
| 007 | ta | ||
| 008 | 230509b bl.||||| |||| 00| 0 por d | ||
| 040 |
_aBR-BrBNA _bpor _cBiblioteca Nacional de Agricultura |
||
| 041 | _a(Por) | ||
| 072 |
_aQ70; F04 _b3850 |
||
| 090 | _ 3850 BR9800952 | ||
| 100 | 1 | _aBeltrame, K.G. | |
| 110 | 1 |
_aEscola Superior de Agricultura Luiz de Queiroz, Piracicaba, SP (Brasil) _0Tese (Mestre em Agronomia) |
|
| 245 | 1 | _aEfeitos da aeracao no processo de compostagem de lodo biologico de cervejaria e casca de eucalipto | |
| 260 | 3 |
_aPiracicaba, SP (Brasil): _c1997. |
|
| 300 | _a93 p. | ||
| 500 | _aSummaries (Eng, Por); Bibliography p. 86-93; 45 illus.; 10 tables | ||
| 650 | _aLodo Residual | ||
| 650 | _aVariedade | ||
| 650 | _aPropriedade Fisico-Quimica | ||
| 650 | _aEquipamento | ||
| 650 | _aCompostagem | ||
| 650 | _aAdubo Organico | ||
| 909 |
_a202309 _bLucia _c55 _dLucia Elande |
||
| 942 | _cBK | ||
| 999 |
_c59162 _d59162 |
||